[Event "HEM 2006 M"]
[Site "Marburg"]
[Date "2006.04.13"]
[Round "7.6"]
[White "Hamann, Jörg"]
[Black "Bewersdorff, Oliver"]
[Result "0-1"]
[WhiteElo "2171"]
[BlackElo "2297"]
[PlyCount "84"]
[EventDate "2006.04.08"]
[EventType "swiss"]
[EventCountry "GER"]

1. d4 Nf6 2. Nf3 g6 3. c4 Bg7 4. Nc3 O-O 5. e4 d6 6. h3 c5 7. d5 e6 8. Bd3 Na6
9. O-O Nc7 10. Re1 e5 11. a3 Nh5 12. b4 b6 13. Rb1 Ne8 14. a4 f5 15. a5 h6 16.
Na4 Bd7 17. exf5 gxf5 18. Bc2 Nhf6 19. axb6 axb6 20. bxc5 bxc5 21. Nb6 Ra2 22.
Nxd7 Nxd7 23. Rb2 Ra7 24. Rb3 Nb6 25. Qe2 Ra2 26. Rb2 Rxb2 27. Bxb2 e4 28. Bxg7
exf3 29. Qe6+ Kxg7 30. Bxf5 Qf6 31. g4 Nc7 32. Qxf6+ Kxf6 33. Bd3 Nd7 34. Rb1
Rb8 35. Ra1 Ne5 36. Bf1 Na8 37. Kh2 Nb6 38. Kg3 Nbxc4 39. Bxc4 Nxc4 40. Kxf3
Ne5+ 41. Kg3 Rb3+ 42. Kg2 Ng6 0-1

[Event "HEM 2006 M"]
[Site "Marburg"]
[Date "2006.04.13"]
[Round "7.7"]
[White "Feldtmann, Thomas"]
[Black "Malek, Daniel"]
[Result "0-1"]
[WhiteElo "2283"]
[BlackElo "2322"]
[PlyCount "80"]
[EventDate "2006.04.08"]
[EventType "swiss"]
[EventCountry "GER"]

1. e4 e6 2. d4 d5 3. Nc3 dxe4 4. Nxe4 Nd7 5. Nf3 Ngf6 6. Ng3 c5 7. Be2 Qc7 8.
O-O Bd6 9. a4 O-O 10. c3 b6 11. a5 Bb7 12. dxc5 bxc5 13. Nd2 Ne5 14. Qa4 Ng6
15. Rd1 Rad8 16. Nc4 Be7 17. Bg5 h6 18. Bxf6 Bxf6 19. Bf1 Nf4 20. a6 Ba8 21.
Na5 Rxd1 22. Rxd1 Nd5 23. Nc4 Rb8 24. Bd3 g6 25. Be4 Bg7 26. h4 h5 27. Nf1 Qf4
28. Bxd5 exd5 29. Nb6 Qxa4 30. Nxa4 Bf8 31. Ne3 Bc6 32. Ra1 d4 33. cxd4 cxd4
34. Nd1 Rb4 35. b3 Rxb3 36. Nab2 Bb5 37. g3 d3 38. Kg2 Bg7 39. Ra2 d2 40. f3
Bxb2 0-1

[Event "HEM 2006 M"]
[Site "Marburg"]
[Date "2006.04.14"]
[Round "8.1"]
[White "Bewersdorff, Oliver"]
[Black "Kunin, Vitaly"]
[Result "0-1"]
[WhiteElo "2297"]
[BlackElo "2510"]
[PlyCount "40"]
[EventDate "2006.04.08"]
[EventType "swiss"]
[EventCountry "GER"]

1. d4 d5 2. c4 dxc4 3. e4 e5 4. Nf3 exd4 5. Bxc4 Nc6 6. O-O Be6 7. Bxe6 fxe6 8.
Qb3 Qd7 9. Qxb7 Rb8 10. Qa6 Nf6 11. Nbd2 Bd6 12. a3 O-O 13. b4 Ng4 14. Bb2 Bf4
15. Nb3 Qd6 16. e5 Bxe5 17. Nxe5 Qxe5 18. g3 Qh5 19. h4 Nge5 20. f4 Rb6 0-1

[Event "HEM 2006 M"]
[Site "Marburg"]
[Date "2006.04.14"]
[Round "8.2"]
[White "Alber, Horst"]
[Black "Koller, Jens"]
[Result "1-0"]
[WhiteElo "2394"]
[BlackElo "2257"]
[PlyCount "89"]
[EventDate "2006.04.08"]
[EventType "swiss"]
[EventCountry "GER"]

1. d4 Nf6 2. c4 g6 3. Nc3 Bg7 4. e4 d6 5. Nf3 O-O 6. Be2 e5 7. O-O Na6 8. Re1
c6 9. Bf1 exd4 10. Nxd4 Ng4 11. h3 Qb6 12. hxg4 Qxd4 13. Qf3 Qe5 14. Bf4 Qe7
15. Qg3 Be5 16. g5 Nc5 17. Rad1 Re8 18. b4 Ne6 19. Bxe5 dxe5 20. Qxe5 Qxb4 21.
Rd6 Qc5 22. Nd5 cxd5 23. exd5 b6 24. g3 Rf8 25. dxe6 Bxe6 26. Qxc5 bxc5 27. Re5
Rac8 28. Ra6 Rc7 29. Ra5 Rfc8 30. f4 Kg7 31. Be2 Rb8 32. Rexc5 Rxc5 33. Rxc5
Rb2 34. Kf1 Rxa2 35. g4 a5 36. f5 gxf5 37. gxf5 Bd7 38. Rd5 Be8 39. f6+ Kf8 40.
Rd8 Ra1+ 41. Kf2 Rc1 42. Rc8 Rc2 43. c5 a4 44. Ke3 Rb2 45. c6 1-0

[Event "HEM 2006 M"]
[Site "Marburg"]
[Date "2006.04.14"]
[Round "8.3"]
[White "Lisanti, Andre"]
[Black "Kersten, Uwe"]
[Result "0-1"]
[WhiteElo "2295"]
[BlackElo "2325"]
[PlyCount "79"]
[EventDate "2006.04.08"]
[EventType "swiss"]
[EventCountry "GER"]

1. e4 c5 2. Nf3 d6 3. d4 cxd4 4. Nxd4 Nf6 5. Nc3 a6 6. Bg5 e6 7. Qd2 h6 8. Be3
Ng4 9. Be2 Nxe3 10. fxe3 Nc6 11. O-O Be7 12. Nxc6 bxc6 13. Rf3 O-O 14. Raf1 Bf6
15. Rxf6 gxf6 16. Bd3 e5 17. Ne2 Kh7 18. Ng3 Rg8 19. Qf2 Ra7 20. h3 Rg5 21. Kh2
a5 22. a4 Qe7 23. b3 Bd7 24. h4 Rg8 25. Nh5 f5 26. exf5 f6 27. e4 Raa8 28. Bc4
Rg4 29. Kh3 d5 30. exd5 Rag8 31. dxc6 Bxc6 32. Bxg8+ Rxg8 33. g4 Be8 34. Ng3
Qb4 35. Qe2 h5 36. gxh5 (36. g5 fxg5 37. hxg5 Rxg5 38. Ne4) 36... Bc6 37. Qc4
Qb7 38. Rg1 Qb6 39. Qf1 Qd4 40. Qe1 0-1

[Event "HEM 2006 M"]
[Site "Marburg"]
[Date "2006.04.14"]
[Round "8.4"]
[White "Ortmann, David"]
[Black "Malek, Daniel"]
[Result "1/2-1/2"]
[WhiteElo "2303"]
[BlackElo "2322"]
[PlyCount "88"]
[EventDate "2006.04.08"]
[EventType "swiss"]
[EventCountry "GER"]

1. Nf3 Nf6 2. c4 e6 3. Nc3 d5 4. d4 c6 5. e3 Nbd7 6. Bd3 dxc4 7. Bxc4 b5 8. Bd3
Bd6 9. a3 Bb7 10. O-O a6 11. b4 a5 12. Rb1 axb4 13. axb4 Qe7 14. Qb3 O-O 15.
Kh1 Rfd8 16. e4 e5 17. Bg5 h6 18. Bh4 exd4 19. Nxd4 Qe5 20. Nf3 Qh5 21. Be2 Re8
22. Rbd1 Bf4 23. g3 Bb8 24. Nd4 Qg6 25. f3 Qh7 26. g4 g5 27. Bg3 Bxg3 28. hxg3
h5 29. Kg2 hxg4 30. Rh1 Qg6 31. Nf5 gxf3+ 32. Bxf3 g4 33. Bxg4 Ne5 34. Rh6 Qxg4
35. Rxf6 Qg5 36. Nh6+ Kg7 37. Rxf7+ Kxh6 38. Rxb7 (38. Ne2) 38... Rad8 39. Rxd8
Qxd8 40. Qd1 Qxd1 41. Nxd1 Kg6 42. Ne3 Ra8 43. Nf5 Ra4 44. Rb6 Rxb4 1/2-1/2

[Event "HEM 2006 M"]
[Site "Marburg"]
[Date "2006.04.14"]
[Round "8.5"]
[White "Geske, Julian"]
[Black "Feldtmann, Thomas"]
[Result "1/2-1/2"]
[WhiteElo "2140"]
[BlackElo "2283"]
[PlyCount "49"]
[EventDate "2006.04.08"]
[EventType "swiss"]
[EventCountry "GER"]

1. e4 d6 2. d4 Nf6 3. Nc3 g6 4. f4 Bg7 5. Nf3 c5 6. Bb5+ Bd7 7. e5 Ng4 8. Bxd7+
Qxd7 9. d5 dxe5 10. h3 e4 11. Nxe4 Nf6 12. Nxf6+ Bxf6 13. O-O Na6 14. Be3 Rd8
15. c4 O-O 16. Ne5 Qf5 17. Ng4 Bg7 18. Qf3 Rfe8 19. Rad1 Rd6 20. Bc1 Qd7 21. f5
gxf5 22. Qxf5 Qxf5 23. Rxf5 Nb4 24. a3 Nc2 25. Kh1 1/2-1/2

[Event "HEM 2006 M"]
[Site "Marburg"]
[Date "2006.04.14"]
[Round "8.6"]
[White "Wahedi, Ahmad Siar"]
[Black "Bennemann, Ingmar"]
[Result "1/2-1/2"]
[WhiteElo "2283"]
[BlackElo "2098"]
[PlyCount "65"]
[EventDate "2006.04.08"]
[EventType "swiss"]
[EventCountry "GER"]

1. d4 Nf6 2. c4 g6 3. Nc3 d5 4. Bg5 dxc4 5. e4 Bg7 6. Bxc4 O-O 7. Nge2 c5 8. d5
Nbd7 9. O-O a6 10. a4 h6 11. Bf4 Nh5 12. Be3 Ne5 13. Ba2 Qc7 14. f4 Ng4 15. Qd2
g5 16. g3 Nxe3 17. Qxe3 gxf4 18. gxf4 Bd4 19. Nxd4 cxd4 20. Qxd4 Nxf4 21. Kh1
Ng6 22. Rg1 Kh7 23. Raf1 Qe5 24. Qb6 Qh5 25. Bc4 Bg4 26. Be2 Bxe2 27. Nxe2 Qxe2
28. Rxf7+ Rxf7 29. Qxg6+ Kh8 30. Qxf7 Qxe4+ 31. Rg2 Qe1+ 32. Rg1 Qe4+ 33. Rg2
1/2-1/2

[Event "HEM 2006 M"]
[Site "Marburg"]
[Date "2006.04.14"]
[Round "8.7"]
[White "Hamann, Jörg"]
[Black "Kuhn, Ulf"]
[Result "1/2-1/2"]
[WhiteElo "2171"]
[BlackElo "2123"]
[PlyCount "54"]
[EventDate "2006.04.08"]
[EventType "swiss"]
[EventCountry "GER"]

1. d4 f5 2. Nc3 Nf6 3. Bg5 d5 4. Bxf6 exf6 5. e3 Be6 6. Qf3 Qd7 7. Bb5 c6 8.
Bd3 Na6 9. a3 Nc7 10. Nge2 g6 11. h4 h5 12. Nf4 Bf7 13. Nce2 O-O-O 14. Nc1 Ne8
15. b4 Nd6 16. Nb3 Ne4 17. Nc5 Qe8 18. Qd1 Bh6 19. Nxe4 dxe4 20. Be2 Bxf4 21.
exf4 e3 22. Qd3 exf2+ 23. Kxf2 Qe4 24. Qxe4 fxe4 25. Ke3 f5 26. c3 Kc7 27. a4
Ra8 1/2-1/2

[Event "HEM 2006 M"]
[Site "Marburg"]
[Date "2006.04.15"]
[Round "9.1"]
[White "Kunin, Vitaly"]
[Black "Geske, Julian"]
[Result "1-0"]
[WhiteElo "2510"]
[BlackElo "2140"]
[PlyCount "61"]
[EventDate "2006.04.08"]
[EventType "swiss"]
[EventCountry "GER"]

1. d4 Nf6 2. c4 g6 3. Nc3 Bg7 4. e4 d6 5. Nge2 O-O 6. Ng3 e5 7. d5 a5 8. Be2
Ne8 9. O-O f5 10. exf5 gxf5 11. f4 Nd7 12. fxe5 Nxe5 13. Nb5 Qh4 14. Nh5 Ng4
15. Bxg4 fxg4 16. Nxg7 Rxf1+ 17. Qxf1 Kxg7 18. Bd2 Bd7 19. Re1 Bxb5 20. cxb5
Qd8 21. Qf5 Kg8 22. Qe6+ Kh8 23. Qf7 Ng7 24. Bc3 Qf8 25. Re7 Qxf7 26. Rxf7 Rg8
27. Rxc7 b6 28. Rb7 h5 29. Rxb6 Kh7 30. Rb7 Kh6 31. Bxg7+ 1-0

[Event "HEM 2006 M"]
[Site "Marburg"]
[Date "2006.04.15"]
[Round "9.2"]
[White "Malek, Daniel"]
[Black "Kersten, Uwe"]
[Result "1-0"]
[WhiteElo "2322"]
[BlackElo "2325"]
[PlyCount "85"]
[EventDate "2006.04.08"]
[EventType "swiss"]
[EventCountry "GER"]

1. d4 Nf6 2. c4 c5 3. d5 b5 4. cxb5 a6 5. b6 e6 6. Nc3 Nxd5 7. Nxd5 exd5 8.
Qxd5 Nc6 9. Nf3 Bb7 10. Ne5 Qe7 11. Bf4 Nd8 12. Qd1 Ne6 13. Bg3 Nd4 14. e3 Nf5
15. Nc4 Nxg3 16. hxg3 Qf6 17. Qd2 d5 18. O-O-O Rd8 19. Na5 Qxb6 20. Nxb7 Qxb7
21. Bc4 Be7 22. Bxd5 Qb6 23. Qc2 Bf6 24. Qa4+ Kf8 25. Bb3 Rc8 26. Qc4 Rc7 27.
Rd2 g6 28. Rhd1 Kg7 29. Rd7 Rf8 30. Rxc7 Qxc7 31. Qxa6 Qe5 32. Qe2 c4 33. Bxc4
Rc8 34. Rd2 Qb5 35. Rc2 Bxb2+ 36. Kb1 Qb4 37. Rxb2 Qxc4 38. Qxc4 Rxc4 39. a3 h5
40. Ra2 Ra4 41. Kc2 Kf6 42. Kb3 Ra8 43. a4 1-0

[Event "HEM 2006 M"]
[Site "Marburg"]
[Date "2006.04.15"]
[Round "9.3"]
[White "Wahedi, Ahmad Siar"]
[Black "Alber, Horst"]
[Result "0-1"]
[WhiteElo "2283"]
[BlackElo "2394"]
[PlyCount "76"]
[EventDate "2006.04.08"]
[EventType "swiss"]
[EventCountry "GER"]

1. e4 g6 2. Nc3 Bg7 3. g3 e5 4. Bg2 Ne7 5. Nge2 Nbc6 6. f4 d6 7. fxe5 dxe5 8.
d3 Be6 9. Be3 Qd7 10. Qd2 Nd4 11. O-O-O c5 12. Bh6 O-O 13. h4 f6 14. Bxg7 Kxg7
15. Ng1 b5 16. Bh3 Rab8 17. Nce2 b4 18. Nxd4 cxd4 19. Bxe6 Qxe6 20. Kb1 Rb6 21.
Ne2 Nc8 22. g4 Nd6 23. Rdg1 Nb5 24. Ng3 Nc3+ 25. Kc1 Qxa2 26. Nf5+ gxf5 27.
gxf5+ Kf7 28. Qh6 Ne2+ 29. Kd2 Nxg1 30. Qxh7+ Ke8 31. Rxg1 Qxb2 32. Qxa7 Qc3+
33. Kd1 Rc6 34. Rg2 b3 35. Qb8+ Kf7 36. Qb7+ Rc7 37. Qd5+ Ke8 38. Qb5+ Ke7 0-1

[Event "HEM 2006 M"]
[Site "Marburg"]
[Date "2006.04.15"]
[Round "9.4"]
[White "Koller, Jens"]
[Black "Ortmann, David"]
[Result "1-0"]
[WhiteElo "2257"]
[BlackElo "2303"]
[PlyCount "61"]
[EventDate "2006.04.08"]
[EventType "swiss"]
[EventCountry "GER"]

1. e4 e6 2. d4 d5 3. Nc3 Bb4 4. e5 c5 5. a3 Bxc3+ 6. bxc3 Ne7 7. Qg4 O-O 8. Bd3
Nbc6 9. Qh5 Ng6 10. Nf3 Qc7 11. Be3 c4 12. Bxg6 fxg6 13. Qg4 Bd7 14. h4 Rf5 15.
h5 gxh5 16. Rxh5 Rxh5 17. Qxh5 Be8 18. Qh3 Nd8 19. Kd2 Qf7 20. Rh1 h6 21. Nh4
Ba4 22. f4 Rc8 23. f5 Rc6 24. Bg5 Qe8 25. Bxd8 Qxd8 26. f6 Qe8 27. Qg4 g5 28.
Nf5 exf5 29. Qxf5 Rc7 30. Rxh6 Kf8 31. Rh8+ 1-0

[Event "HEM 2006 M"]
[Site "Marburg"]
[Date "2006.04.15"]
[Round "9.5"]
[White "Kuhn, Ulf"]
[Black "Bewersdorff, Oliver"]
[Result "1/2-1/2"]
[WhiteElo "2123"]
[BlackElo "2297"]
[PlyCount "91"]
[EventDate "2006.04.08"]
[EventType "swiss"]
[EventCountry "GER"]

1. c4 e6 2. g3 d5 3. Bg2 Nf6 4. Nf3 Be7 5. O-O O-O 6. cxd5 exd5 7. d4 c6 8. Nc3
Bf5 9. Nh4 Bg4 10. f3 Bc8 11. Qd3 c5 12. Rd1 cxd4 13. Nb5 Nc6 14. Nxd4 Nxd4 15.
Qxd4 Be6 16. Be3 Qd7 17. Rac1 b6 18. Qd3 Rac8 19. f4 Ng4 20. Nf3 Bf5 21. Qd2
Be4 22. Bd4 Qe6 23. Rxc8 Rxc8 24. Rc1 h6 25. h3 Nf6 26. Rxc8+ Qxc8 27. Qc3 Qxc3
28. Bxc3 Bb1 29. a3 Ne4 30. Be1 Bc5+ 31. Kf1 Be3 32. Ne5 Bc1 33. Bxe4 dxe4 34.
Nc4 e3 35. Bc3 Ba2 36. Nd6 Be6 37. h4 Bd2 38. Ne4 Bd5 39. Nxd2 exd2 40. Bxd2 f5
41. Kf2 h5 42. Ke3 Kf7 43. Kd4 Ke6 44. b4 Bg2 45. Bc3 g6 46. Bb2 1/2-1/2

[Event "HEM 2006 M"]
[Site "Marburg"]
[Date "2006.04.15"]
[Round "9.6"]
[White "Bennemann, Ingmar"]
[Black "Lisanti, Andre"]
[Result "0-1"]
[WhiteElo "2098"]
[BlackElo "2295"]
[PlyCount "108"]
[EventDate "2006.04.08"]
[EventType "swiss"]
[EventCountry "GER"]

1. d4 f6 2. e4 g6 3. h4 Nh6 4. h5 c6 5. hxg6 hxg6 6. Bd3 Qb6 7. Qe2 Qxd4 8. Nf3
Qb6 9. e5 f5 10. Na3 d5 11. exd6 Qb4+ 12. Kf1 Qxd6 13. Bg5 b5 14. Rd1 Qe6 15.
Qd2 Nf7 16. Rxh8 Nxh8 17. Bxb5 cxb5 18. Qd8+ Kf7 19. Bf4 (19. Bh6 Bxh6 20. Qxh8
Bg7 21. Ng5+ Kf6 22. Nxe6 Bxh8 23. Nc7 b4 24. Nc4 Be6 25. b3) 19... Kg8 20. Bh6
Nd7 21. Rxd7 Bxd7 22. Qxa8 Bc8 23. Bxf8 Kxf8 24. Nd4 Qd7 25. Naxb5 e5 26. Nd6
Qxd6 27. Qxc8+ Kf7 28. Nf3 Kg7 29. Ke2 Nf7 30. Qc4 e4 31. Qc3+ Kh7 32. Nd4 Qa6+
33. Kd2 Qxa2 34. b3 Qa6 35. Qc4 Qf6 36. b4 Kh6 37. Kc3 Ne5 38. Qe6 Qxe6 39.
Nxe6 g5 40. b5 Ng4 41. Kd2 Nxf2 42. c4 f4 43. c5 e3+ 44. Ke2 Ne4 45. b6 axb6
46. cxb6 Nd6 47. Nc5 Nf5 48. b7 Nd4+ 49. Kf1 Nc6 50. g3 Kg6 51. gxf4 gxf4 52.
Na6 Kf5 53. Nb4 Nb8 54. Nd3 f3 0-1